| 000 | 01466cam a22004213a 4500 | ||
|---|---|---|---|
| 001 | 13260611 | ||
| 003 | OSt | ||
| 005 | 20140310184423.0 | ||
| 008 | 020820s2002 nyua j 000 1 eng d | ||
| 010 | _a 2003586282 | ||
| 020 |
_a0439426286 (pbk.) : _c$3.99 |
||
| 035 | _a(OCoLC)ocm50434727 | ||
| 040 |
_aTDS _cTDS _dOCLCQ _dDLC |
||
| 042 | _alccopycat | ||
| 050 | 0 | 0 |
_aPZ 7 _bP924Go 2002 |
| 100 | 1 |
_aPreller, James. _96900 |
|
| 245 | 1 | 4 |
_aThe case of the golden key / _cby James Preller ; illustrated by Jamie Smith ; cover illustration by R.W. Alley. |
| 260 |
_aNew York : _bScholastic, _c2002. |
||
| 300 |
_a72 p. : _bill. ; _c20 cm. |
||
| 490 | 1 |
_aA Jigsaw Jones mystery ; _v#19 |
|
| 500 | _a"A Little Apple paperback." | ||
| 521 | _aG2 | ||
| 526 | _c410 | ||
| 650 | 0 |
_aDogs _vFiction. _926827 |
|
| 650 | 0 |
_aDetective and mystery stories. _94339 |
|
| 655 | 7 |
_aChildren's stories. _2lcsh _93012 |
|
| 655 | 7 |
_aMystery fiction. _2gsafd _94089 |
|
| 700 | 1 |
_aSmith, Jamie. _922887 |
|
| 700 | 1 |
_aAlley, R. W. _q(Robert W.) _926828 |
|
| 710 | 2 |
_aCopyright Paperback Collection (Library of Congress) _5DLC _9705 |
|
| 800 | 1 |
_aPreller, James. _tJigsaw Jones mystery ; _v19. _926829 |
|
| 856 | 4 | 2 |
_3Publisher description _uhttp://www.loc.gov/catdir/description/schol051/2003586282.html |
| 906 |
_a7 _bcbc _ccopycat _d2 _encip _f20 _gy-genrareb |
||
| 942 |
_2lcc _cBK-SCHOLAS |
||
| 999 |
_c34276 _d34276 |
||